Plutón / (Registro nro. 30689)
[ vista simple ]
| 000 -LÍDER | |
|---|---|
| campo de control de longitud fija | 01265nam a22002417a 4500 |
| 005 - FECHA Y HORA DE LA ÚLTIMA | |
| campo de control | 20240227163914.0 |
| 008 - ELEMENTOS DE DATOS DE LONGITUD FIJA - INFORMACIÓN GENERAL | |
| campo de control de longitud fija | 240227b |||||||| |||| 00| 0 eng d |
| 020 ## - NÚMERO INTERNACIONAL NORMALIZADO DEL LIBRO | |
| Número de libro estándar internacional | 9789584288608 |
| 037 ## - FUENTE DE ADQUISICIÓN | |
| Materials specified | Donación |
| 040 ## - FUENTE DE CATALOGACIÓN | |
| Agencia de catalogación original | CO-JMCR |
| Agencia de transcripción | CO-JMCR |
| Agencia modificadora | CO-JMCR |
| Convenciones de descripción | rda |
| 041 ## - CÓDIGO DE IDIOMA | |
| Código de idioma del texto/pista de sonido o título independiente | spa |
| 082 ## - NÚMERO DE CLASIFICACIÓN DECIMAL DEWEY | |
| Número de clasificación | A-N |
| Número de artículo | ROSp |
| 100 ## - ENTRADA PRINCIPAL - NOMBRE PERSONAL | |
| Nombre personal | Rosero, Evelio |
| Término relativo | autor |
| 9 (RLIN) | 43492 |
| 245 ## - DECLARACIÓN DEL TÍTULO | |
| Título | Plutón / |
| Declaración de responsabilidad, etc. | Evelio Rosero |
| 260 ## - PUBLICACIÓN, DISTRIBUCIÓN, ETC. | |
| Lugar de publicación, distribución, etc. | Bogotá: |
| Nombre del editor, distribuidor, etc. | Planeta, |
| Fecha de publicación, distribución, etc. | 2021 |
| 300 ## - DESCRIPCIÓN FÍSICA | |
| Medida | 373 páginas; |
| Dimensiones | 21 cm. |
| 500 ## - NOTA GENERAL | |
| Nota general | Incluye índice |
| 520 ## - RESUMEN, ETC. | |
| Resumen, etc | Ella es periodista. Él fotógrafo. Lorena y Miguel son una típica pareja de clase media en la Bogotá de finales de los años setenta seducidos por el poder del dinero y el arribismo que promete un ascenso social. Plutón, su gato negro, los mira desde alguna parte y es testigo de esta novela que representó el abordaje de Evelio Rosero al mundo o al aura que ha dejado el narcotráfico en Colombia. La radio, las agencias de publicidad, la vanidad, el dinero, la política y los militares desfilan por esta poderosa novela que ha sido reeditada y revisada por su autor para esta edición. |
| 650 ## - ENTRADA AÑADIDA DE ASUNTO - TÉRMINO TEMÁTICO | |
| Fuente del encabezado o término | JMCR |
| -- | Periodismo |
| Subdivisión general | Literatura |
| 9 (RLIN) | 43493 |
| 650 ## - ENTRADA AÑADIDA DE ASUNTO - TÉRMINO TEMÁTICO | |
| Fuente del encabezado o término | JMCR |
| -- | Narcotrafico |
| Subdivisión general | Novela |
| 9 (RLIN) | 43494 |
| 650 ## - ENTRADA AÑADIDA DE ASUNTO - TÉRMINO TEMÁTICO | |
| Fuente del encabezado o término | JMCR |
| -- | Novela Colombiana |
| 942 ## - ELEMENTOS DE ENTRADA AÑADIDOS (KOHA) | |
| Source of classification or shelving scheme | Dewey Decimal Classification |
| Tipo de artículo Koha | Books |
| 999 ## - | |
| -- | 30689 |
| -- | 17073 |
| Estado retirado |
|---|